Engineering thermodynamics (Record no. 5228)
[ view plain ]
| 000 -LEADER | |
|---|---|
| fixed length control field | 00628nam a2200169Ia 4500 |
| 003 - CONTROL NUMBER IDENTIFIER | |
| control field | SGT |
| 020 ## - INTERNATIONAL STANDARD BOOK NUMBER | |
| International Standard Book Number | 9788120313750 |
| 082 ## - DEWEY DECIMAL CLASSIFICATION NUMBER | |
| Classification number | 621.4021 |
| Item number | JON |
| 100 ## - MAIN ENTRY--PERSONAL NAME | |
| Personal name | Jones,J.B |
| 245 ## - TITLE STATEMENT | |
| Title | Engineering thermodynamics |
| 260 ## - PUBLICATION, DISTRIBUTION, ETC. (IMPRINT) | |
| Name of publisher, distributor, etc | PHI Learning Private Limited |
| Place of publication, distribution, etc | New Delhi |
| Year of Publication | 1996 |
| 300 ## - PAGE DESCRIPTION | |
| No. of Pages | 1000p. |
| 650 ## - SUBJECT ADDED ENTRY--TOPICAL TERM | |
| Topical term or geographic name as entry element | MECHANICAL ENGINEERING |
| 653 ## - KEYWORDS--INDEX TERM | |
| Keyword term | BASIC CONCEPTS AND DEFINITIONS,PROPERTIES pvT RELATIONSHIPS,THE SECOND LAW OF THERMODYNAMICS,PROPERTIES THAT DEPEND ON THE SECOND LAW ENTROPY AND OTHERS,AVAILABILITY,CHEMICAL REACTIONS-COMBUSTION,CHEMICAL EQUILIBRIUM IN IDEAL-GAS REACTIONS |
| 700 ## - ADDED ENTRY--PERSONAL NAME | |
| Personal name | Dugan,R.E |
| 942 ## - ADDED ENTRY ELEMENTS (KOHA) | |
| Source of classification or shelving scheme | Dewey Decimal Classification |
| Koha item type | Books |
| Withdrawn status | Lost status | Source of classification or shelving scheme | Damaged status | Not for loan | Home library | Current library | Date acquired | SGTU | Total Checkouts | Full call number | Accession No. (Barcode) | Date last seen | Bill Date | Koha item type | Date last borrowed |
|---|---|---|---|---|---|---|---|---|---|---|---|---|---|---|---|
| Dewey Decimal Classification | SGT Engineering Library | SGT Engineering Library | 24/06/2011 | SGTU | 621.4021 JON | FE3414 | 09/02/2015 | 09/02/2015 | Books | ||||||
| Dewey Decimal Classification | SGT Engineering Library | SGT Engineering Library | 24/06/2011 | SGTU | 1 | 621.4021 JON | FE3415 | 31/12/2020 | 09/02/2015 | Books | 01/12/2020 | ||||
| Dewey Decimal Classification | SGT Engineering Library | SGT Engineering Library | 24/06/2011 | SGTU | 1 | 621.4021 JON | FE3416 | 31/12/2020 | 09/02/2015 | Books | 01/12/2020 | ||||
| Withdrawn | Dewey Decimal Classification | SGT Engineering Library | SGT Engineering Library | 24/06/2011 | SGTU | 621.4021 JON | FE3417 | 09/02/2015 | 09/02/2015 | Books | |||||
| Dewey Decimal Classification | SGT Engineering Library | SGT Engineering Library | 24/06/2011 | SGTU | 621.4021 JON | FE3418 | 09/02/2015 | 09/02/2015 | Books |